[Event "11th EUR-ch"]
[Site "Rijeka CRO"]
[Date "2010.03.14"]
[Round "8"]
[White "Nepomnyaschy, Yan"]
[Black "Inarkiev, Ernesto"]
[Result "1-0"]
[WhiteElo "2656"]
[BlackElo "2667"]
[EventDate "2010.03.06"]
[PlyCount "87"]

1.e4 e5 2.Nf3 Nc6 3.Bb5 a6 4.Ba4 Nf6 5.d3 d6 6.c3 g6 7.Nbd2 Bg7 8.O-O O-O 
9.Re1 b5 10.Bc2 Re8 11.a4 Bb7 12.b4 Qe7 13.Nb3 Rad8 14.Qe2 Qd7 15.Bd2 Rb8 
16.axb5 axb5 17.c4 Ne7 18.cxb5 Qxb5 19.Na5 Qd7 20.Ba4 c6 21.Rac1 Rec8 22.
d4 exd4 23.Nxd4 Ne8 24.Qd3 Ba8 25.h3 Rb6 26.Nf3 Nc7 27.Nc4 Ra6 28.Bb3 Rd8 
29.Bf4 Ne6 30.Bg3 d5 31.Nce5 Qb7 32.Qe2 Rb6 33.Nxf7 Kxf7 34.exd5 cxd5 35.
Rc7 Rd7 36.Rxb7 Bxb7 37.Ba4 Ba6 38.Ne5+ Bxe5 39.Qxe5 Ra7 40.Qh8 Nf8 41.Bh4
g5 42.Bxg5 Rg6 43.Qd4 Rb7 44.Qf4+ 1-0

[Event "11th EUR-ch"]
[Site "Rijeka CRO"]
[Date "2010.03.14"]
[Round "8"]
[White "Riazantsev, Alexander"]
[Black "Sokolov, Ivan"]
[Result "0-1"]
[WhiteElo "2660"]
[BlackElo "2638"]
[EventDate "2010.03.06"]
[PlyCount "96"]

1.d4 Nf6 2.c4 c5 3.d5 e5 4.Nc3 d6 5.g3 h5 6.Nf3 Be7 7.Bg2 Nbd7 8.e4 a6 9.
a4 Nf8 10.a5 Rb8 11.O-O b5 12.axb6 Rxb6 13.Na4 Rb4 14.Qc2 Ng6 15.Bd2 Rb8 
16.Rfb1 Bd7 17.b4 cxb4 18.Rxb4 O-O 19.Ne1 Rxb4 20.Bxb4 Qc7 21.Nd3 h4 22.
Nab2 Qb7 23.Qc3 Ra8 24.Ba3 Rc8 25.c5 dxc5 26.Nc4 h3 27.Bh1 Bb5 28.Ndxe5 
Nxe5 29.Nxe5 Re8 30.Bb2 Bf8 31.Rd1 c4 32.Qd4 Qc8 33.Nc6 Bxc6 34.dxc6 Qxc6 
35.e5 Qe6 36.Bf3 Bb4 37.Rf1 Nd7 38.Bd5 Nxe5 39.f4 Qc8 40.Kh1 Bc5 41.Qc3 
Qd7 42.Rd1 Qg4 43.Rf1 Nd3 44.Bf3 Qg6 45.Qxc4 Nf2+ 46.Kg1 Ne4+ 47.Bd4 Nd2 
48.Qxc5 Qd3 0-1

[Event "11th EUR-ch"]
[Site "Rijeka CRO"]
[Date "2010.03.14"]
[Round "8"]
[White "Mamedov, Rauf"]
[Black "Khismatullin, Denis"]
[Result "1/2-1/2"]
[WhiteElo "2639"]
[BlackElo "2657"]
[EventDate "2010.03.06"]
[PlyCount "151"]

1.c4 e6 2.e4 d5 3.exd5 exd5 4.d4 Nf6 5.Nc3 Be7 6.Nf3 O-O 7.Bd3 Nc6 8.cxd5 
Nb4 9.Bb1 Nbxd5 10.O-O Bg4 11.h3 Bh5 12.Re1 Re8 13.g4 Bg6 14.Ne5 Bxb1 15.
Rxb1 c6 16.Qf3 Rf8 17.Bd2 Nc7 18.Rbd1 Nfd5 19.Bc1 Bb4 20.a3 Bxc3 21.bxc3 
f6 22.Nc4 Qd7 23.Nd2 Rad8 24.Ne4 Qf7 25.c4 Nb6 26.c5 Nc8 27.Bf4 Nb5 28.Qe3
Qc4 29.g5 f5 30.Nd2 Qf7 31.Nf3 Rfe8 32.Qd3 Re4 33.a4 Nxd4 34.Nxd4 Rxf4 35.
Qc3 Re4 36.Nf3 Rde8 37.Rxe4 fxe4 38.Ne5 Qe6 39.Ng4 Ne7 40.Rd6 Qf7 41.Rd7 
Qg6 42.Rxb7 Nd5 43.Qg3 Qxg5 44.h4 Qg6 45.h5 Qg5 46.h6 Re7 47.Rxa7 Rxa7 48.
Qb8+ Kf7 49.Qxa7+ Ne7 50.Qd7 gxh6 51.Kf1 h5 52.Ne3 Qxc5 53.Qc7 Ke6 54.Qf4 
Qe5 55.Qh6+ Ng6 56.Kg1 Qa1+ 57.Nf1 Qd1 58.Qxh7 Qg4+ 59.Ng3 e3 60.Qg8+ Kf6 
61.Qd8+ Kf7 62.Qd3 h4 63.Qb3+ Qe6 64.Qxe6+ Kxe6 65.Ne2 exf2+ 66.Kxf2 Kd5 
67.a5 Kc5 68.Nd4 Ne5 69.Nf5 Ng6 70.Kf3 Kb5 71.Nd4+ Kc5 72.Nf5 Ne5+ 73.Kg2 
Kb5 74.Nd4+ Kxa5 75.Nxc6+ Nxc6 76.Kh3 1/2-1/2

[Event "11th EUR-ch"]
[Site "Rijeka CRO"]
[Date "2010.03.14"]
[Round "8"]
[White "Mamedov, Nidjat"]
[Black "Navara, David"]
[Result "1/2-1/2"]
[WhiteElo "2623"]
[BlackElo "2708"]
[EventDate "2010.03.06"]
[PlyCount "52"]

1.e4 c5 2.Nf3 e6 3.d4 cxd4 4.Nxd4 Nc6 5.Nc3 a6 6.Be3 Nf6 7.Qd2 Bb4 8.f3 d5
9.a3 Qa5 10.exd5 Nxd5 11.Nb3 Bxc3 12.Nxa5 Bxd2+ 13.Bxd2 Nxa5 14.Bxa5 Ne3 
15.Kf2 Nxf1 16.Rhxf1 b5 17.Rfd1 Bb7 18.Rd6 O-O 19.Rad1 Rfc8 20.c3 Bd5 21.
Rd4 Kf8 22.h4 Ke7 23.Bb4 Ke8 24.Ba5 Ke7 25.Bb4 Ke8 26.Ba5 Ke7 1/2-1/2

[Event "11th EUR-ch"]
[Site "Rijeka CRO"]
[Date "2010.03.14"]
[Round "8"]
[White "Alekseev, Evgeny"]
[Black "Hracek, Zbynek"]
[Result "1/2-1/2"]
[WhiteElo "2700"]
[BlackElo "2615"]
[EventDate "2010.03.06"]
[PlyCount "110"]

1.Nf3 d5 2.e3 Nf6 3.c4 e6 4.Nc3 Be7 5.b3 O-O 6.Bb2 c5 7.cxd5 exd5 8.d4 Nc6
9.Be2 Bg4 10.dxc5 Bxc5 11.O-O a6 12.h3 Be6 13.Na4 Bd6 14.Nd4 Qe7 15.Rc1 
Bd7 16.Nxc6 Bxc6 17.Qd4 Bxa4 18.bxa4 Ba3 19.Rb1 Bxb2 20.Qxb2 Qd7 21.Qxb7 
Qxa4 22.Qb4 Qxb4 23.Rxb4 a5 24.Rd4 Rfc8 25.Bf3 a4 26.a3 Ra5 27.Ra1 Kf8 28.
Bd1 Rca8 29.Rc1 Ne4 30.Rc7 Nd6 31.Rf4 Ke8 32.Rb4 Kd8 33.Rc3 Ke7 34.Rc7+ 
Kd8 35.Rc3 Ke7 36.Be2 R8a7 37.Kf1 Ne4 38.Rc6 Kd7 39.Rc2 Rc5 40.Bd3 Rxc2 
41.Bxc2 Nd2+ 42.Ke2 Nc4 43.Rxa4 Rxa4 44.Bxa4+ Kd6 45.Bc2 Nxa3 46.Bxh7 g6 
47.h4 Ke6 48.h5 gxh5 49.Kf3 Nc4 50.Kg3 Ne5 51.Bc2 Ng4 52.Bd1 f5 53.Bb3 h4+
54.Kxh4 Nxf2 55.Kg3 Nd3 1/2-1/2

[Event "11th EUR-ch"]
[Site "Rijeka CRO"]
[Date "2010.03.14"]
[Round "8"]
[White "Kurnosov, Igor"]
[Black "Lysyi, Igor"]
[Result "0-1"]
[WhiteElo "2674"]
[BlackElo "2615"]
[EventDate "2010.03.06"]
[PlyCount "98"]

1.e4 e6 2.d4 d5 3.Nc3 Nf6 4.Bg5 dxe4 5.Nxe4 Nbd7 6.Nf3 h6 7.Bh4 Be7 8.
Nxf6+ Bxf6 9.Bxf6 Qxf6 10.Qe2 O-O 11.O-O-O Rd8 12.Qe4 Qe7 13.Ne5 Nf6 14.
Qf3 a5 15.Bc4 Nd5 16.h4 Qf6 17.Qe2 b6 18.Ng4 Qf4+ 19.Kb1 Bb7 20.g3 Qd6 21.
Rhe1 Rab8 22.Ne5 a4 23.g4 f6 24.Nd3 b5 25.Bxd5 Bxd5 26.g5 hxg5 27.hxg5 
fxg5 28.Qh5 Rf8 29.Ne5 Rf5 30.f3 a3 31.b3 Rbf8 32.Ng6 Bxf3 33.Qh8+ Kf7 34.
Nxf8 Qxf8 35.Qxf8+ Kxf8 36.Rd3 g4 37.Rg1 g3 38.Kc1 g2 39.Rd2 g5 40.Rf2 Bd5
41.Rd2 b4 42.Rdd1 Kf7 43.Kd2 Rf2+ 44.Kd3 Kf6 45.Rd2 Rxd2+ 46.Kxd2 Kf5 47.
Ke2 Kg4 48.Kf2 Kh3 49.Re1 Kh2 0-1

[Event "11th EUR-ch"]
[Site "Rijeka CRO"]
[Date "2010.03.14"]
[Round "8"]
[White "Fressinet, Laurent"]
[Black "Howell, David"]
[Result "1-0"]
[WhiteElo "2670"]
[BlackElo "2612"]
[EventDate "2010.03.06"]
[PlyCount "107"]

1.Nf3 Nf6 2.c4 g6 3.Nc3 d5 4.Qa4+ Bd7 5.Qb3 dxc4 6.Qxc4 a6 7.d3 b5 8.Qf4 
c5 9.g3 Bc6 10.Bg2 Bg7 11.O-O Nd5 12.Nxd5 Bxd5 13.Ng5 O-O 14.Qh4 h6 15.
Bxd5 Qxd5 16.Ne4 g5 17.Qh5 f5 18.Nc3 Qe6 19.e4 Nc6 20.Be3 Ne5 21.f4 gxf4 
22.gxf4 Nxd3 23.e5 Nxb2 24.Rf3 Nd3 25.Rg3 Kh7 26.Rd1 Rad8 27.Rd2 Nxf4 28.
Bxf4 Rxd2 29.Bxd2 Bxe5 30.Rh3 Rf6 31.Kf1 b4 32.Ne2 a5 33.Ng1 Qc4+ 34.Ke1 
Bf4 35.Bxf4 Qxf4 36.Ne2 Qe5 37.Rg3 Qa1+ 38.Kf2 Qxa2 39.Re3 Qf7 40.Qf3 Re6 
41.Qd5 Rf6 42.Qxc5 e6 43.Nf4 Qb7 44.Qe5 Qf7 45.Qxa5 b3 46.Rxb3 e5 47.Qxe5 
Qxb3 48.Qxf6 Qa2+ 49.Ne2 Qd5 50.Qg6+ Kxg6 51.Nf4+ Kg5 52.Nxd5 Kg4 53.Kg2 
Kh4 54.h3 1-0

[Event "11th EUR-ch"]
[Site "Rijeka CRO"]
[Date "2010.03.14"]
[Round "8"]
[White "Safarli, Eltaj"]
[Black "Nisipeanu, Liviu-Dieter"]
[Result "1/2-1/2"]
[WhiteElo "2606"]
[BlackElo "2661"]
[EventDate "2010.03.06"]
[PlyCount "48"]

1.e4 e5 2.Nf3 Nc6 3.Bb5 Nge7 4.c3 d5 5.Nxe5 dxe4 6.d4 exd3 7.Qf3 Be6 8.
Nxc6 Nxc6 9.Bxc6+ bxc6 10.Qxc6+ Bd7 11.Qe4+ Qe7 12.Qxe7+ Bxe7 13.Be3 Rb8 
14.b3 a5 15.Nd2 O-O 16.f3 a4 17.Kf2 Rfe8 18.Rhe1 Be6 19.b4 c5 20.a3 Rec8 
21.Bxc5 Bxc5+ 22.bxc5 Rxc5 23.Rab1 Rbc8 24.Rec1 Re5 1/2-1/2

[Event "11th EUR-ch"]
[Site "Rijeka CRO"]
[Date "2010.03.14"]
[Round "8"]
[White "Berg, Emanuel"]
[Black "Berkes, Ferenc"]
[Result "0-1"]
[WhiteElo "2594"]
[BlackElo "2659"]
[EventDate "2010.03.06"]
[PlyCount "81"]

1.e4 c6 2.d4 d5 3.Nc3 dxe4 4.Nxe4 Bf5 5.Ng3 Bg6 6.h4 h6 7.Nf3 Nd7 8.h5 Bh7
9.Bd3 Bxd3 10.Qxd3 e6 11.Bd2 Ngf6 12.O-O-O Be7 13.Qe2 O-O 14.Rhe1 a5 15.
Ne5 Bb4 16.c3 Bd6 17.f4 Re8 18.Qf3 Qc7 19.Nc4 a4 20.Nxd6 Qxd6 21.f5 e5 22.
Bxh6 a3 23.b3 gxh6 24.dxe5 Nxe5 25.Rxd6 Nxf3 26.Red1 Ng5 27.Rxf6 Re3 28.
Nf1 Rxc3+ 29.Kb1 Ne4 30.Rxh6 Kg7 31.Rhd6 Nxd6 32.Rxd6 Re8 33.Rd1 Re2 34.
Nd2 Rxg2 35.f6+ Kh6 36.Nc4 Rcc2 37.Rd8 Kh7 38.Rd7 Rcf2 39.Ne3 Rg1+ 40.Nd1 
Kh6 41.Rd8 0-1

[Event "11th EUR-ch"]
[Site "Rijeka CRO"]
[Date "2010.03.14"]
[Round "8"]
[White "Stocek, Jiri"]
[Black "Timofeev, Artiom"]
[Result "0-1"]
[WhiteElo "2591"]
[BlackElo "2655"]
[EventDate "2010.03.06"]
[PlyCount "78"]

1.d4 d5 2.c4 e6 3.Nc3 c6 4.e3 Nf6 5.a3 Nbd7 6.Bd2 Be7 7.cxd5 exd5 8.Bd3 
O-O 9.Nge2 Re8 10.O-O Nf8 11.f3 Ne6 12.Be1 c5 13.Rc1 Bd7 14.Bf2 Rc8 15.
dxc5 Bxc5 16.Qd2 a5 17.Bc2 Bc6 18.Ba4 Ba7 19.Bxc6 bxc6 20.Kh1 Nd7 21.Bg3 
h5 22.h3 Qg5 23.f4 Qe7 24.Bf2 Nb6 25.b3 Nd7 26.Ng3 Nf6 27.a4 Nc5 28.Qd1 g6
29.f5 Bb8 30.fxg6 fxg6 31.Qc2 Kh7 32.Nce2 Nce4 33.Nxe4 Nxe4 34.Bg1 Rf8 35.
Rf3 Rxf3 36.gxf3 Qh4 37.Nd4 c5 38.Kg2 Qg3+ 39.Kf1 cxd4 0-1

[Event "11th EUR-ch"]
[Site "Rijeka CRO"]
[Date "2010.03.14"]
[Round "8"]
[White "Popov, Valery"]
[Black "Savchenko, Boris"]
[Result "1-0"]
[WhiteElo "2585"]
[BlackElo "2652"]
[EventDate "2010.03.06"]
[PlyCount "78"]

1.d4 Nf6 2.Nf3 g6 3.c4 Bg7 4.Nc3 d5 5.cxd5 Nxd5 6.e4 Nxc3 7.bxc3 O-O 8.Be3
c5 9.Qd2 Qa5 10.Rb1 a6 11.Rc1 Bg4 12.Be2 Nd7 13.d5 b5 14.O-O Rfc8 15.Bg5 
Qd8 16.h3 Bxf3 17.Bxf3 Qf8 18.Bg4 f5 19.exf5 gxf5 20.Bh5 Ne5 21.Qe3 Ra7 
22.Rfe1 Kh8 23.Qg3 Nf7 24.Bxf7 Qxf7 25.Re6 f4 26.Bxf4 Rd7 27.Rce1 Rg8 28.
d6 exd6 29.Bxd6 Rxd6 30.Qxd6 Bxc3 31.Re7 Qf5 32.R1e3 Bd4 33.Qxa6 Qd5 34.g3
Qf5 35.g4 Qc2 36.Qe6 Rf8 37.Rf7 Rg8 38.Ref3 b4 39.R3f5 Qd2 1-0

[Event "11th EUR-ch"]
[Site "Rijeka CRO"]
[Date "2010.03.14"]
[Round "8"]
[White "Melkumian, Hrant"]
[Black "Zviagintsev, Vadim"]
[Result "1-0"]
[WhiteElo "2582"]
[BlackElo "2643"]
[EventDate "2010.03.06"]
[PlyCount "67"]

1.d4 c5 2.d5 d6 3.e4 Nf6 4.Nc3 a6 5.a4 g6 6.Nf3 Bg4 7.Be2 Bxf3 8.Bxf3 Bg7 
9.O-O O-O 10.Re1 Nbd7 11.a5 Qc7 12.Bf4 Ne8 13.Qd2 Bd4 14.Bh6 Ng7 15.Nd1 
Be5 16.c3 f5 17.exf5 gxf5 18.Ne3 Rf6 19.Nc4 Rg6 20.Re2 Rf8 21.Bf4 Bxf4 22.
Qxf4 Nf6 23.Rae1 Rf7 24.Qh4 Kh8 25.h3 Qd8 26.b4 cxb4 27.cxb4 Qf8 28.Qf4 h6
29.Nb6 Kh7 30.Rc1 Nge8 31.Rc8 Qg7 32.Re6 Nh5 33.Bxh5 Rxg2+ 34.Kf1 1-0

[Event "11th EUR-ch"]
[Site "Rijeka CRO"]
[Date "2010.03.14"]
[Round "8"]
[White "Socko, Bartosz"]
[Black "Halkias, Stelios"]
[Result "1/2-1/2"]
[WhiteElo "2637"]
[BlackElo "2580"]
[EventDate "2010.03.06"]
[PlyCount "69"]

1.e4 c5 2.Nf3 Nc6 3.d4 cxd4 4.Nxd4 Nf6 5.Nc3 e5 6.Ndb5 d6 7.Bg5 a6 8.Na3 
b5 9.Nd5 Be7 10.Bxf6 Bxf6 11.c3 Bg5 12.Nc2 Ne7 13.Nxe7 Qxe7 14.Nb4 O-O 15.
a4 bxa4 16.Rxa4 Qb7 17.Qd5 Qb8 18.Qa2 Be6 19.Bc4 Bxc4 20.Qxc4 a5 21.Nd3 
Qb7 22.O-O Rac8 23.Qa2 Bd8 24.Rd1 Rb8 25.Rd2 Kh8 26.Ne1 Bc7 27.Qd5 Qxd5 
28.exd5 Bb6 29.Kf1 Rfc8 30.g3 f5 31.Ke2 g6 32.Nc2 Bc5 33.Ne1 Bb6 34.Nc2 
Bc5 35.Ne1 1/2-1/2

[Event "11th EUR-ch"]
[Site "Rijeka CRO"]
[Date "2010.03.14"]
[Round "8"]
[White "Reinderman, Dimitri"]
[Black "Delchev, Alexander"]
[Result "1/2-1/2"]
[WhiteElo "2576"]
[BlackElo "2625"]
[EventDate "2010.03.06"]
[PlyCount "113"]

1.c4 Nf6 2.Nc3 e5 3.Nf3 Nc6 4.g3 Nd4 5.Bg2 Nxf3+ 6.Bxf3 Bb4 7.Qb3 Bc5 8.
O-O O-O 9.Rd1 c6 10.e3 d5 11.cxd5 cxd5 12.d4 e4 13.Nxe4 Nxe4 14.dxc5 Qf6 
15.Bxe4 dxe4 16.Rd6 Be6 17.Qc2 Rac8 18.Qxe4 Rxc5 19.Qd4 Qxd4 20.Rxd4 Rc2 
21.b3 Rfc8 22.Bd2 h5 23.Kf1 Bg4 24.Kg2 Rb2 25.Bc1 Rbc2 26.Bd2 R8c6 27.e4 
Rb2 28.h3 Be6 29.Bc1 Rbc2 30.Be3 a6 31.Rb4 b5 32.Rd4 Kh7 33.e5 R6c5 34.g4 
Rxe5 35.Kg3 f6 36.Rd6 Bc8 37.a4 b4 38.Rad1 Be6 39.Rxa6 Bxb3 40.Rd7 Rc8 41.
Raa7 Rg8 42.Rdb7 Bd5 43.Rxb4 Ra8 44.Rc7 Kg8 45.Bd4 Re6 46.Rc5 Bc6 47.a5 
hxg4 48.hxg4 Rd6 49.Be3 Bd7 50.Rb6 Rd1 51.f3 Rd3 52.Kf2 Re8 53.Bc1 Ba4 54.
a6 Bd1 55.Rf5 Re2+ 56.Kg3 Ra2 57.g5 1/2-1/2

[Event "11th EUR-ch"]
[Site "Rijeka CRO"]
[Date "2010.03.14"]
[Round "8"]
[White "Macieja, Bartlomiej"]
[Black "Stefansson, Hannes"]
[Result "1-0"]
[WhiteElo "2625"]
[BlackElo "2574"]
[EventDate "2010.03.06"]
[PlyCount "111"]

1.d4 d5 2.Nf3 Nf6 3.c4 c6 4.Nc3 dxc4 5.a4 e6 6.e3 c5 7.Bxc4 cxd4 8.exd4 
Nc6 9.O-O Be7 10.Bg5 O-O 11.Re1 h6 12.Bh4 Re8 13.Qd2 Nd5 14.Bg3 Nxc3 15.
bxc3 Bf6 16.Qd3 b6 17.h4 h5 18.d5 Na5 19.Bb5 Rf8 20.d6 a6 21.Bc4 Nxc4 22.
Qxc4 Bb7 23.Qd3 Bxf3 24.Qxf3 Bxh4 25.Bxh4 Qxh4 26.Qc6 Rfc8 27.Qxb6 Rxc3 
28.Red1 Qd8 29.a5 h4 30.Rac1 Rxc1 31.Rxc1 Qg5 32.Qc5 Qd2 33.Qc7 h3 34.d7 
Rf8 35.gxh3 e5 36.Rc3 Qd1+ 37.Kh2 Qd2 38.Kg2 Qd5+ 39.Kh2 Qd2 40.Rf3 Qd5 
41.Re3 Qd4 42.Kg3 e4 43.Kg2 Qd5 44.Kf1 Qd1+ 45.Re1 Qd5 46.Qc8 g6 47.Re3 
Qd1+ 48.Kg2 Qd5 49.Qe8 Qg5+ 50.Kh1 Qd5 51.Rxe4 Kg7 52.Kg1 Qg5+ 53.Kf1 Qb5+
54.Re2 Qd3 55.Kg1 Qd1+ 56.Re1 1-0

[Event "11th EUR-ch"]
[Site "Rijeka CRO"]
[Date "2010.03.14"]
[Round "8"]
[White "Naiditsch, Arkadij"]
[Black "Pavasovic, Dusko"]
[Result "1-0"]
[WhiteElo "2691"]
[BlackElo "2579"]
[EventDate "2010.03.06"]
[PlyCount "85"]

1.d4 d5 2.c4 e6 3.Nf3 c6 4.Nc3 Nf6 5.cxd5 exd5 6.Qc2 g6 7.Bg5 Be7 8.e4 
dxe4 9.Bxf6 Bxf6 10.Qxe4+ Qe7 11.Bc4 Bf5 12.Qxe7+ Kxe7 13.O-O-O Rd8 14.h3 
Nd7 15.Rhe1+ Kf8 16.g4 Nb6 17.Bb3 Bc8 18.Ne4 Kg7 19.Rd3 Nd5 20.Bxd5 Rxd5 
21.Nxf6 Kxf6 22.Re8 Bf5 23.Rxa8 Bxd3 24.Rxa7 Ba6 25.b4 h5 26.Kd2 hxg4 27.
hxg4 Rd8 28.Kc3 Ke6 29.Ne5 g5 30.a4 Rc8 31.Nc4 Rb8 32.Ne3 Kd6 33.b5 cxb5 
34.axb5 Bxb5 35.Ra5 Rc8+ 36.Kb4 Bd7 37.Nc4+ Ke7 38.Re5+ Kf8 39.Nb6 Rd8 40.
Rxg5 Be8 41.Kc5 f6 42.Rf5 Kg7 43.d5 1-0

[Event "11th EUR-ch"]
[Site "Rijeka CRO"]
[Date "2010.03.14"]
[Round "8"]
[White "Lenic, Luka"]
[Black "Podolchenko, Evgeniy"]
[Result "1-0"]
[WhiteElo "2603"]
[BlackElo "2502"]
[EventDate "2010.03.06"]
[PlyCount "77"]

1.d4 Nf6 2.c4 e6 3.Nf3 b6 4.Nc3 Bb7 5.a3 d5 6.cxd5 Nxd5 7.Qc2 Be7 8.e4 
Nxc3 9.bxc3 O-O 10.Bd3 c5 11.Qe2 Qc8 12.O-O Ba6 13.Rd1 Bxd3 14.Rxd3 cxd4 
15.cxd4 Nd7 16.e5 Qc4 17.Bg5 Bd8 18.h4 h6 19.Bf4 Nc5 20.dxc5 Qxf4 21.Rd4 
Qf5 22.c6 Be7 23.Rd7 Bc5 24.Nd4 Bxd4 25.Rxd4 Rac8 26.Rc1 f6 27.Rd7 Qf4 28.
Rc4 Qxe5 29.Rg4 Rf7 30.Qd3 Rc7 31.Rd8+ Rf8 32.Re4 Qc5 33.Rxf8+ Qxf8 34.
Rxe6 f5 35.h5 Qf7 36.Qd8+ Kh7 37.Re8 Qxh5 38.Rh8+ Kg6 39.Qd6+ 1-0

[Event "11th EUR-ch"]
[Site "Rijeka CRO"]
[Date "2010.03.14"]
[Round "8"]
[White "Durarbayli, Vasif"]
[Black "Lupulescu, Constantin"]
[Result "1/2-1/2"]
[WhiteElo "2476"]
[BlackElo "2598"]
[EventDate "2010.03.06"]
[PlyCount "95"]

1.e4 c5 2.Nf3 d6 3.d4 cxd4 4.Nxd4 Nf6 5.Nc3 Nc6 6.Bc4 e6 7.Be3 a6 8.Bb3 
Qc7 9.Qe2 Na5 10.g4 b5 11.g5 Nd7 12.Nxe6 fxe6 13.Bxe6 Nb6 14.Bxb6 Qxb6 15.
Nd5 Qb7 16.Qg4 Be7 17.f4 Nc6 18.Bf5 Bxf5 19.exf5 Nb4 20.Qh5+ g6 21.fxg6 
O-O-O 22.g7 Rhg8 23.Nxe7+ Qxe7+ 24.Kf2 Qxg7 25.Qf3 Qb7 26.Rad1 Nc6 27.Rhe1
Kb8 28.h4 h6 29.Re6 hxg5 30.hxg5 Qc7 31.c3 Rgf8 32.Qe3 Rf5 33.Kg3 d5 34.
Kg4 Rff8 35.Rh1 d4 36.Qe4 Rd6 37.Rxd6 Qxd6 38.Rh6 Qd7+ 39.f5 d3 40.Qxc6 
Qxf5+ 41.Kh5 Qh3+ 42.Kg6 Qf5+ 43.Kh5 Qf7+ 44.Kg4 Qf4+ 45.Kh5 Qf7+ 46.Kg4 
Qf4+ 47.Kh5 Qf7+ 48.Kg4 1/2-1/2

[Event "11th EUR-ch"]
[Site "Rijeka CRO"]
[Date "2010.03.14"]
[Round "8"]
[White "Morchiashvili, Bachana"]
[Black "Salgado Lopez, Ivan"]
[Result "0-1"]
[WhiteElo "2345"]
[BlackElo "2592"]
[EventDate "2010.03.06"]
[PlyCount "126"]

1.d4 d6 2.g3 Nd7 3.Nf3 Ngf6 4.c4 e5 5.Nc3 c6 6.Bg2 Be7 7.O-O O-O 8.e4 a6 
9.Re1 b5 10.b3 Qc7 11.cxb5 axb5 12.Qc2 Qb8 13.Bb2 Re8 14.a4 bxa4 15.Nxa4 
Bb7 16.dxe5 dxe5 17.Rad1 Qc7 18.Bh3 Rab8 19.Qc4 h6 20.Rd2 Bc8 21.Red1 Bf8 
22.Bc3 Nb6 23.Nxb6 Bxh3 24.Nd5 Qb7 25.Nxf6+ gxf6 26.Rb1 Qb5 27.Qd3 Qxd3 
28.Rxd3 Red8 29.Rxd8 Rxd8 30.Nh4 Rd3 31.Be1 Bc5 32.Nf5 Kh7 33.b4 Bf8 34.
Nh4 h5 35.f3 Bh6 36.Kf2 Ra3 37.Rb2 Be3+ 38.Ke2 Bc8 39.Nf5 Ba7 40.Nd6 Ba6+ 
41.b5 cxb5 42.Nxb5 Bd4 43.Rb1 Re3+ 44.Kd2 Bxb5 45.Rxb5 Rxf3 46.Rd5 Kg6 47.
Rd7 Ra3 48.Ke2 Re3+ 49.Kf1 Rxe4 50.Bf2 Bxf2 51.Kxf2 Rd4 52.Re7 Rd2+ 53.Kg1
Re2 54.Re8 Kg7 55.h3 h4 56.g4 f5 57.gxf5 Kf6 58.Rh8 Re4 59.Kf2 Kxf5 60.Kf3
Rf4+ 61.Ke3 Ra4 62.Rh5+ Ke6 63.Rh8 Ra3+ 0-1

[Event "11th EUR-ch"]
[Site "Rijeka CRO"]
[Date "2010.03.14"]
[Round "8"]
[White "Godena, Michele"]
[Black "Predojevic, Borki"]
[Result "1/2-1/2"]
[WhiteElo "2561"]
[BlackElo "2639"]
[EventDate "2010.03.06"]
[PlyCount "48"]

1.e4 d5 2.exd5 Qxd5 3.Nc3 Qa5 4.g3 Nf6 5.Bg2 c6 6.Nf3 Bf5 7.b4 Qc7 8.O-O 
e6 9.Rb1 Be7 10.d3 O-O 11.Re1 Nbd7 12.Bf4 Bd6 13.Bxd6 Qxd6 14.Nd2 Rfd8 15.
Nc4 Qc7 16.Qd2 Rac8 17.a4 Nb6 18.Ne3 Bg6 19.a5 Nbd5 20.Nc4 Ne7 21.Qe3 Nfd5
22.Qd2 Nf6 23.Qe3 Nfd5 24.Qd2 Nf6 1/2-1/2

[Event "11th EUR-ch"]
[Site "Rijeka CRO"]
[Date "2010.03.14"]
[Round "8"]
[White "Svetuschin, Dumitru"]
[Black "Landa, Konstantin"]
[Result "1-0"]
[WhiteElo "2554"]
[BlackElo "2635"]
[EventDate "2010.03.06"]
[PlyCount "63"]

1.e4 c6 2.Nc3 d5 3.Nf3 Nf6 4.e5 Ne4 5.Ne2 Qb6 6.d4 c5 7.dxc5 Qxc5 8.Ned4 
Nc6 9.Bb5 Bd7 10.O-O e6 11.Be3 Qb4 12.c4 Qxb2 13.cxd5 Nc3 14.dxe6 Nxd1 15.
exd7+ Kd8 16.Raxd1 Nxd4 17.Nxd4 Bc5 18.Bc4 Bxd4 19.Bxd4 Qc2 20.Bxf7 Kxd7 
21.Bc5+ Kc6 22.Be3 Kb5 23.Rb1+ Ka6 24.Rfc1 Qa4 25.Rc4 Qa3 26.Bc1 Qa5 27.
Bd2 Qa3 28.Rc3 Qa5 29.Bc4+ b5 30.Bxb5+ Qxb5 31.Ra3+ Kb6 32.Be3+ 1-0

[Event "11th EUR-ch"]
[Site "Rijeka CRO"]
[Date "2010.03.14"]
[Round "8"]
[White "Papaioannou, Ioannis"]
[Black "Oleksienko, Mykhailo"]
[Result "0-1"]
[WhiteElo "2630"]
[BlackElo "2525"]
[EventDate "2010.03.06"]
[PlyCount "130"]

1.d4 d5 2.Nf3 Nf6 3.c4 c6 4.Qc2 dxc4 5.Qxc4 Bf5 6.g3 e6 7.Bg2 Be7 8.O-O 
O-O 9.Nc3 Nbd7 10.e3 Ne4 11.Rd1 Qc7 12.Bd2 Nxd2 13.Rxd2 Nb6 14.Qb3 a5 15.
a3 a4 16.Qa2 Bf6 17.Rc1 e5 18.Nb5 Qb8 19.dxe5 Be6 20.Qb1 Bxe5 21.Ng5 g6 
22.Nxe6 fxe6 23.Nd4 Bxd4 24.Rxd4 Ra5 25.Bh3 e5 26.Rd2 Kg7 27.Qc2 Qc7 28.
Rcd1 Rf7 29.Be6 Re7 30.Ba2 Nd7 31.Qc4 Nf6 32.e4 b5 33.Qe2 c5 34.Rd6 c4 35.
Qf3 Ne8 36.Rd8 Ra6 37.R8d5 Rb6 38.Bb1 Nf6 39.Rd8 Qc5 40.Qe2 Rbb7 41.Kg2 
Red7 42.R8xd7+ Rxd7 43.Rxd7+ Nxd7 44.Qd2 Qc6 45.Qa5 Kf7 46.Bc2 Ke7 47.Bd1 
Qb6 48.Qa8 h5 49.Qg8 Qd4 50.Bf3 Qxb2 51.Qxg6 c3 52.Bxh5 c2 53.Bg4 Qd4 54.
Qh6 Kd8 55.h4 Qxe4+ 56.Bf3 Qc4 57.Qc1 b4 58.axb4 a3 59.b5 a2 60.Bc6 a1=Q 
61.Qxa1 c1=Q 62.Qa7 Q1f1+ 63.Kh2 Qd4 64.Qa8+ Ke7 65.Bg2 Qfxf2 0-1

[Event "11th EUR-ch"]
[Site "Rijeka CRO"]
[Date "2010.03.14"]
[Round "8"]
[White "l`Ami, Erwin"]
[Black "Maiorov, Nikita"]
[Result "1-0"]
[WhiteElo "2628"]
[BlackElo "2510"]
[EventDate "2010.03.06"]
[PlyCount "103"]

1.Nf3 Nf6 2.c4 b6 3.g3 Bb7 4.Bg2 e6 5.O-O Be7 6.d4 O-O 7.d5 exd5 8.Nh4 c6 
9.cxd5 Nxd5 10.Nf5 Nc7 11.e4 d5 12.Nc3 Bf6 13.Bf4 Bc8 14.g4 Nba6 15.Rc1 
Be6 16.e5 Be7 17.Bg3 f6 18.Nxe7+ Qxe7 19.exf6 gxf6 20.Re1 Qd7 21.h3 Rae8 
22.b4 Bf7 23.Ne4 Re6 24.g5 fxg5 25.Nxg5 Rg6 26.Nf3 Rxg3 27.fxg3 Qd6 28.Ne5
Be8 29.Rc4 Ne6 30.b5 cxb5 31.Rg4+ Kh8 32.Bxd5 Qc5+ 33.Kh1 Ng7 34.Bg2 Qc7 
35.Rf1 Rxf1+ 36.Qxf1 Qe7 37.Re4 Nh5 38.Kh2 Qg7 39.Rg4 Qf6 40.Qe2 Nc7 41.
Re4 Qd6 42.Qb2 Ng7 43.Rf4 Qe7 44.Qf2 Kg8 45.Ng4 Nge6 46.Nh6+ Kh8 47.Nf7+ 
Kg8 48.Rg4+ Ng7 49.Nh6+ Kh8 50.Rf4 Nce6 51.Rf6 Qd6 52.Rxe6 1-0

[Event "11th EUR-ch"]
[Site "Rijeka CRO"]
[Date "2010.03.14"]
[Round "8"]
[White "Brkic, Ante"]
[Black "Drozdovskyi, Yuri"]
[Result "1/2-1/2"]
[WhiteElo "2543"]
[BlackElo "2627"]
[EventDate "2010.03.06"]
[PlyCount "93"]

1.e4 c6 2.d4 d5 3.e5 Bf5 4.Nf3 e6 5.Be2 Nd7 6.O-O Ne7 7.Nbd2 c5 8.c4 cxd4 
9.Nxd4 Nxe5 10.Qa4+ Qd7 11.Qxd7+ Kxd7 12.cxd5 exd5 13.Nxf5 Nxf5 14.Nf3 Bd6
15.Rd1 Ne7 16.Be3 Rhd8 17.Nxe5+ Bxe5 18.f4 Bc7 19.Bf3 Ke8 20.Rac1 Rac8 21.
Bxa7 Bxf4 22.Rxc8 Rxc8 23.Bxd5 Nxd5 24.Rxd5 Rc1+ 25.Kf2 Bxh2 26.Kf3 Rf1+ 
27.Ke2 Rc1 28.Kf3 Rf1+ 29.Ke2 Ra1 30.Rh5 Rxa2 31.Bd4 Ra4 32.Bxg7 Rg4 33.
Rxh7 Rxg2+ 34.Kf3 Rc2 35.Bc3 Bd6 36.Rh5 b6 37.Ke4 Rh2 38.Rxh2 Bxh2 39.Bd4 
Bc7 40.Kd5 Kd7 41.b4 Bd8 42.b5 f6 43.Be3 Bc7 44.Bd4 f5 45.Bxb6 Bxb6 46.Ke5
f4 47.Kxf4 1/2-1/2

[Event "11th EUR-ch"]
[Site "Rijeka CRO"]
[Date "2010.03.14"]
[Round "8"]
[White "Szabo, Gergely-Andras-Gyula"]
[Black "Giri, Anish"]
[Result "0-1"]
[WhiteElo "2525"]
[BlackElo "2624"]
[EventDate "2010.03.06"]
[PlyCount "108"]

1.e4 e5 2.Nf3 Nf6 3.d4 Nxe4 4.Bd3 d5 5.dxe5 Be7 6.O-O Nc5 7.Be2 Ne6 8.Nc3 
c6 9.Nd4 Nxd4 10.Qxd4 O-O 11.Be3 f6 12.f4 fxe5 13.fxe5 Be6 14.Rxf8+ Qxf8 
15.Rf1 Qe8 16.Bf3 Nd7 17.Ne2 Bc5 18.Qf4 Bxe3+ 19.Qxe3 Bf7 20.e6 Qxe6 21.
Qxe6 Bxe6 22.Nd4 Nf8 23.b4 Rd8 24.a4 Bf7 25.Re1 Re8 26.Rxe8 Bxe8 27.Nf5 
Bd7 28.Nd6 b6 29.b5 Ng6 30.bxc6 Bxc6 31.Nc8 Kf8 32.Nxa7 Bxa4 33.Nc8 Bxc2 
34.Nxb6 d4 35.Kf2 Ke7 36.Nc4 Bd3 37.Na5 Kd6 38.Nb3 Ke5 39.Nd2 Bc2 40.Ba8 
Bd1 41.Ke1 Bh5 42.h3 Ne7 43.g4 Bf7 44.Nf3+ Kf4 45.Nxd4 Kg3 46.Ke2 Kxh3 47.
Kf3 g5 48.Be4 h6 49.Bb7 Be8 50.Be4 Bd7 51.Nf5 Nxf5 52.gxf5 g4+ 53.Kf4 g3 
54.f6 Be8 0-1

[Event "11th EUR-ch"]
[Site "Rijeka CRO"]
[Date "2010.03.14"]
[Round "8"]
[White "Nyback, Tomi"]
[Black "Mastrovasilis, Athanasios"]
[Result "1/2-1/2"]
[WhiteElo "2624"]
[BlackElo "2511"]
[EventDate "2010.03.06"]
[PlyCount "81"]

1.d4 Nf6 2.c4 e6 3.Nf3 c5 4.d5 b5 5.dxe6 fxe6 6.cxb5 d5 7.Nc3 Nbd7 8.e4 d4
9.e5 Ng4 10.Ne4 Bb7 11.Nfg5 Ndxe5 12.f4 Bxe4 13.Nxe4 Qd5 14.Nf2 Nxf2 15.
Kxf2 Bd6 16.fxe5 O-O+ 17.Kg1 Bxe5 18.Qd3 Rxf1+ 19.Qxf1 d3 20.Be3 Rf8 21.
Qe1 Bxb2 22.Rd1 c4 23.Qd2 Bd4 24.h4 c3 25.Qxd3 Bxe3+ 26.Kh2 Qe5+ 27.Kh3 
Bf2 28.Rhf1 g5 29.hxg5 Qxg5 30.g3 c2 31.Rc1 Rc8 32.Kg2 Rd8 33.Qf3 Rd2 34.
Qa8+ Kg7 35.Qb7+ Kf6 36.Qf3+ Kg7 37.Qb7+ Kf6 38.Qf3+ Ke7 39.Rxc2 Rxc2 40.
Rxf2 Rxf2+ 41.Qxf2 1/2-1/2